• 首页
  • 本馆介绍
  • 公告通知
  • 最新文献
  • 馆藏检索
  • 电子资源
  • 读者导购
  • 参考咨询
  • 我的图书馆
  • 登录
  • 详细信息显示
  • 放入我的书架
  • 预约/预借图书
  • 作者相关作品
  • 分类相关作品
  • 丛书相关作品
  • 出版社相关作品

书目信息

  • 表格格式
  • 工作单格式
  • 卡片格式
题名:
现代文献编目
    
 
作者: 王松林 编著
分册:  
出版信息: 北京   书目文献出版社  1996.8
页数: 420页
开本: 20cm
丛书名:
单 册:
中图分类: G254.3
科图分类:
主题词: 图书馆学:编目
电子资源:
ISBN: 7-5013-1291-5
000 00554nam0 2200193 45
001 0005151573
005 20040426103715.5
010    @a7-5013-1291-5@dCNY19.70
100    @a20000515d1996 km y0chiy0120 ea
101 0  @achi
105    @a z 000yy
200 1  @a现代文献编目@AXian Dai Wen Xian Bian Mu@f王松林编著@FWang Song Lin Bian Zhu
210    @a北京@c书目文献出版社@d1996.8
215    @a420页@c表格@d20cm
606 0  @a图书馆学:编目
690    @aG254.3@v1
701  0 @a王松林@4编著
801    @aCN@bTSTC@c20000515
905    @b288464-466@dG254.3@e57@f3
    
    现代文献编目/王松林编著.-北京:书目文献出版社,1996.8
    420页:表格;20cm
    
    
    ISBN 7-5013-1291-5:CNY19.70
    
●
相关链接 在E读中查询图书 在五车中查询图书 在当当中查询图书 在豆瓣中查询图书


正题名:现代文献编目     索取号:G254.3/57         预约/预借

序号 登录号 条形码 馆藏地/架位号 状态 备注
1 0288464   002884640   第四借阅区/ [索取号:G254.3/57] 在馆    
2 0288465   002884659   第四借阅区/ [索取号:G254.3/57] 在馆    
3 0288466   002884668   第一样本阅览室/ [索取号:G254.3/57] 在馆    
欢迎您!
大连网信软件有限公司© 版权所有